Complex variables and the Laplace transform for engineers (Record no. 13856)

000 -LEADER
fixed length control field 00606nam a22002051 4500
001 - CONTROL NUMBER
control field 13856
003 - CONTROL NUMBER IDENTIFIER
control field BD-DhUET
008 - FIXED-LENGTH DATA ELEMENTS--GENERAL INFORMATION
fixed length control field 840622s1961 nyua b 000 0 eng
040 ## - CATALOGING SOURCE
Original cataloging agency DLC
Transcribing agency DLC
Modifying agency BD-DhUET
082 00 - DEWEY DECIMAL CLASSIFICATION NUMBER
Classification number 517.862
Item number LEP/1961
100 ## - MAIN ENTRY--PERSONAL NAME
Personal name LePage, Wilbur R.
245 10 - TITLE STATEMENT
Title Complex variables and the Laplace transform for engineers
250 ## - EDITION STATEMENT
Edition statement 1st ed.
260 ## - PUBLICATION, DISTRIBUTION, ETC. (IMPRINT)
Place of publication, distribution, etc. Bombay
Name of publisher, distributor, etc. McGraw-Hill
Date of publication, distribution, etc. 1961
300 ## - PHYSICAL DESCRIPTION
Extent xvi, 475 p.
Other physical details ill.
Dimensions 24 cm.
490 ## - SERIES STATEMENT
Series statement International series in pure and applied mathematics
504 ## - BIBLIOGRAPHY, ETC. NOTE
Bibliography, etc Includes bibliographies
650 #0 - SUBJECT ADDED ENTRY--TOPICAL TERM
Topical term or geographic name as entry element Calculus - Complex variables
942 ## - ADDED ENTRY ELEMENTS (KOHA)
Koha item type General Book
Holdings
Source of classification or shelving scheme Price effective from Copy number Shelving location Koha date last seen Piece designation (barcode) Sublocation or collection (holding branch) Date acquired Koha normalized classification for sorting Koha full call number Not for loan Damaged status Koha item type Location (home branch) Withdrawn status Lost status
 2015-03-051Circulation section2015-03-0540116Central Library, BUET2015-03-05517_862000000000000_LEP_1961517.862/LEP/1961  General BookCentral Library, BUET  
 2015-03-052Circulation section2015-03-0524385Central Library, BUET2015-03-05517_862000000000000_LEP_1961517.862/LEP/1961  General BookCentral Library, BUET  
 2015-03-073Circulation section2015-03-076374Central Library, BUET2015-03-07517_862000000000000_LEP_1961517.862/LEP/1961  General BookCentral Library, BUET  
 2015-03-074Circulation section2015-03-0751027Central Library, BUET2015-03-07517_862000000000000_LEP_1961517.862/LEP/1961  General BookCentral Library, BUET  
 2015-03-075Circulation section2015-03-0720963Central Library, BUET2015-03-07517_862000000000000_LEP_1961517.862/LEP/1961  General BookCentral Library, BUET  
 2015-03-076Circulation section2015-03-0742659Central Library, BUET2015-03-07517_862000000000000_LEP_1961517.862/LEP/1961  General BookCentral Library, BUET  
 2015-03-077Circulation section2015-03-0740115Central Library, BUET2015-03-07517_862000000000000_LEP_1961517.862/LEP/1961  General BookCentral Library, BUET  
 2015-03-078Circulation section2015-03-0739671Central Library, BUET2015-03-07517_862000000000000_LEP_1961517.862/LEP/1961  General BookCentral Library, BUET  
 2015-03-079Circulation section2015-03-0739670Central Library, BUET2015-03-07517_862000000000000_LEP_1961517.862/LEP/1961  General BookCentral Library, BUET  
 2015-03-0710Circulation section2015-03-0742660Central Library, BUET2015-03-07517_862000000000000_LEP_1961517.862/LEP/1961  General BookCentral Library, BUET  
 2015-03-0911Circulation section2015-03-0942661Central Library, BUET2015-03-09517_862000000000000_LEP_1961517.862/LEP/1961  General BookCentral Library, BUET  
 2015-03-0912Circulation section2015-03-0951026Central Library, BUET2015-03-09517_862000000000000_LEP_1961517.862/LEP/1961  General BookCentral Library, BUET  
 2015-05-0313Circulation section2015-05-032039Central Library, BUET2015-05-03517_862000000000000_LEP_1961517.862/LEP/1961  General BookCentral Library, BUET  
 2015-05-0314Circulation section2015-05-036375Central Library, BUET2015-05-03517_862000000000000_LEP_1961517.862/LEP/1961  General BookCentral Library, BUET  
 2015-05-0315Circulation section2015-05-032041Central Library, BUET2015-05-03517_862000000000000_LEP_1961517.862/LEP/1961  General BookCentral Library, BUET  
 2015-05-0316Circulation section2015-05-032040Central Library, BUET2015-05-03517_862000000000000_LEP_1961517.862/LEP/1961  General BookCentral Library, BUET